TOP 50 krajów z największa ilością medali podczas IO - Statystyki

Ogólne statystyki
  • Ten quiz został rozwiązany 309 razy
  • Średni wynik to 38 z 50
Statystyki odpowiedzi
Medale Państwo % Poprawnych
2 802 USA
100%
570 Rosja
98%
596 Chiny
96%
822 Francja
96%
472 Kanada
96%
824 Niemcy
96%
484 Japonia
95%
304 Polska
95%
686 Włochy
95%
137 Wspólna Reprezentacja Niemiec
95%
873 Wielka Brytania
94%
128 Brazylia
93%
67 Meksyk
93%
638 Szwecja
93%
150 Hiszpania
92%
481 Norwegia
91%
74 Argentyna
90%
464 Finlandia
89%
509 Australia
88%
78 Czechy
88%
317 Korea Południowa
87%
395 Holandia
86%
117 Grecja
85%
131 Ukraina
85%
153 Belgia
84%
305 Austria
82%
94 Turcja
81%
330 Szwajcaria
80%
195 Dania
78%
307 Rumunia
76%
86 Republika Południowej Afryki
75%
497 Węgry
75%
118 Nowa Zelandia
73%
68 Iran
72%
44 Chorwacja
69%
223 Bułgaria
67%
1 204 ZSRR
64%
100 Białoruś
62%
100 Kenia
62%
78 Jamajka
60%
94 Jugosławia
59%
75 Kazachstan
56%
53 Etiopia
53%
56 Korea Północna
52%
220 Kuba
52%
168 Czechosłowacja
49%
519 NRD
48%
243 RFN
40%
44 Azerbejdżan
23%
135* Wspólnota Niepodległych Państw
2%
Nie znaleziono quizów pasujących do podanych kryteriów
Rozkład punktacji
Procent ludzi z każdym wynikiem
Percentyl według liczby udzielonych odpowiedzi
Twoja historia wyników
Nie rozwiązałeś tego quizu